All Countries by HDI Index (2021) - Statistics

General Stats
  • This quiz has been taken 2,387 times
    740 since last reset
  • The average score is 69 of 192
Answer Stats
Continent HDI Answer % Correct
Europe .962 Switzerland
96%
Europe .961 Norway
93%
Europe .959 Iceland
87%
Oceania .951 Australia
81%
Europe .948 Denmark
76%
Europe .947 Sweden
75%
North America .936 Canada
72%
Europe .945 Ireland
71%
Oceania .937 New Zealand
71%
Asia .939 Singapore
71%
Europe .942 Germany
70%
Europe .940 Finland
69%
Europe .941 Netherlands
69%
Asia .925 Japan
65%
Europe .937 Belgium
64%
North America .911 United States of America
64%
Asia .925 South Korea
63%
Europe .930 Luxembourg
62%
Europe .921 United Kingdom
62%
Europe .935 Liechtenstein
60%
Asia .929 United Arab Emirates
60%
Europe .905 Spain
58%
Europe/Asia .838 Turkey
58%
Europe .903 France
57%
South America .855 Chile
56%
Asia .919 Israel
56%
South America .842 Argentina
55%
Europe .918 Malta
55%
Europe/Asia .822 Russia
55%
Europe .916 Austria
54%
Europe .895 Italy
54%
Europe .918 Slovenia
54%
Europe .889 Czech Republic
53%
Europe .866 Portugal
53%
Europe .890 Estonia
52%
Asia .952 Hong Kong
52%
Europe .887 Greece
51%
Europe .876 Poland
51%
South America .809 Uruguay
50%
Europe .846 Hungary
49%
Europe .863 Latvia
49%
Europe .875 Lithuania
49%
Europe .848 Slovakia
48%
Europe .858 Croatia
47%
Europe .858 Andorra
46%
North America .812 Bahamas
46%
Europe .821 Romania
46%
Asia .875 Bahrain
45%
Asia .896 Cyprus
44%
Europe .832 Montenegro
44%
Asia .855 Qatar
44%
Europe .852 San Marino
44%
Asia .875 Saudi Arabia
44%
Europe .808 Belarus
42%
South America .754 Brazil
42%
North America .809 Costa Rica
42%
Asia .831 Kuwait
42%
Europe .796 Albania
41%
South America .752 Colombia
41%
North America .805 Panama
41%
South America .762 Peru
41%
Europe .802 Serbia
41%
Europe .780 Bosnia and Herzegovina
40%
Europe .795 Bulgaria
40%
South America .740 Ecuador
40%
Europe .770 North Macedonia
40%
South America .730 Suriname
40%
North America .810 Trinidad and Tobago
40%
Europe .773 Ukraine
40%
South America .714 Guyana
39%
Europe .767 Moldova
39%
Asia .816 Oman
39%
South America .717 Paraguay
39%
South America .691 Venezuela
39%
North America .790 Barbados
38%
South America .692 Bolivia
38%
North America .795 Grenada
38%
North America .535 Haiti
38%
Africa .802 Mauritius
38%
North America .788 Antigua and Barbuda
37%
Asia .829 Brunei
37%
Africa .785 Seychelles
37%
North America .767 Dominican Republic
36%
Asia .803 Malaysia
36%
Oceania .767 Palau
36%
North America .777 Saint Kitts and Nevis
36%
North America .758 Mexico
35%
North America .751 Saint Vincent and the Grenadines
35%
Oceania .745 Tonga
35%
North America .764 Cuba
34%
Oceania .730 Fiji
34%
Asia .802 Georgia
34%
North America .683 Belize
33%
Asia .811 Kazakhstan
33%
Oceania .707 Samoa
33%
Asia .800 Thailand
33%
Asia .455 Yemen
33%
Asia .478 Afghanistan
32%
North America .720 Dominica
32%
North America .675 El Salvador
32%
North America .621 Honduras
32%
North America .709 Jamaica
32%
Oceania .558 Papua New Guinea
32%
Oceania .564 Solomon Islands
32%
Oceania .641 Tuvalu
32%
Asia .768 China
31%
North America .627 Guatemala
31%
Oceania .624 Kiribati
31%
Oceania .639 Marshall Islands
31%
Oceania .628 Micronesia
31%
North America .667 Nicaragua
31%
North America .715 Saint Lucia
31%
Africa .361 Somalia
31%
Africa .745 Algeria
30%
Africa .385 South Sudan
30%
Oceania .607 Vanuatu
30%
Asia .759 Armenia
29%
Africa .731 Egypt
29%
Asia .774 Iran
29%
Africa .731 Tunisia
28%
Asia .745 Azerbaijan
27%
Africa .404 Central African Republic
26%
Africa .394 Chad
26%
Africa .400 Niger
26%
Africa .713 South Africa
26%
Asia .782 Sri Lanka
26%
Asia .703 Vietnam
25%
Asia .633 India
24%
Asia .705 Indonesia
24%
Africa .718 Libya
24%
Asia .747 Maldives
24%
Asia .544 Pakistan
24%
Asia .686 Iraq
23%
Asia .720 Jordan
23%
Asia .699 Philippines
23%
Asia .577 Syria
23%
Asia .727 Uzbekistan
23%
Africa .693 Botswana
22%
Africa .428 Mali
22%
Asia .739 Mongolia
22%
Africa .683 Morocco
22%
Asia .745 Turkmenistan
22%
Africa .426 Burundi
21%
Asia .593 Cambodia
21%
Asia .692 Kyrgyzstan
21%
Asia .607 Laos
21%
Asia .706 Lebanon
21%
Asia .602 Nepal
21%
Asia .685 Tajikistan
21%
Asia .661 Bangladesh
20%
Asia .666 Bhutan
20%
Asia .585 Myanmar
20%
Africa .615 Namibia
20%
Africa .662 Cape Verde
19%
Africa .479 Democratic Republic of Congo
19%
Asia .607 East Timor
19%
Africa .706 Gabon
19%
Africa .632 Ghana
19%
Africa .449 Burkina Faso
18%
Africa .492 Eritrea
18%
Africa .446 Mozambique
18%
Africa .508 Sudan
18%
Africa .498 Ethiopia
17%
Africa .575 Kenya
17%
Africa .481 Liberia
17%
Africa .477 Sierra Leone
17%
Africa .525 Benin
16%
Africa .597 Eswatini
16%
Africa .465 Guinea
16%
Africa .501 Madagascar
16%
Africa .571 Republic of Congo
16%
Africa .534 Rwanda
16%
Africa .618 Sao Tome and Principe
16%
Africa .593 Zimbabwe
16%
Africa .586 Angola
15%
Africa .509 Djibouti
15%
Africa .596 Equatorial Guinea
15%
Africa .483 Guinea Bissau
15%
Africa .514 Lesotho
15%
Africa .512 Malawi
15%
Africa .535 Nigeria
15%
Asia .715 Palestine
15%
Africa .549 Tanzania
15%
Africa .539 Togo
15%
Africa .525 Uganda
15%
Africa .565 Zambia
15%
Africa .558 Comoros
14%
Africa .500 Gambia
14%
Africa .550 Ivory Coast
14%
Africa .556 Mauritania
14%
Africa .511 Senegal
14%
Africa .576 Cameroon
13%
No matching quizzes found
Score Distribution
Percent of People with Each Score
Percentile by Number Answered
Your Score History
You have not taken this quiz since the last reset